[Event "GRE-chT 50th"]
[Site "Nikaia"]
[Date "2023.08.26"]
[Round "2.6"]
[White "Kouta, Antonia"]
[Black "Tarasoulea, Panagiota"]
[Result "1-0"]
[WhiteElo "1705"]
[BlackElo "1204"]
[PlyCount "93"]
[EventDate "2023.08.25"]
[EventType "team"]
[EventRounds "9"]
[EventCountry "GRE"]
[SourceTitle "EXT 2024"]
[Source "ChessBase"]
[SourceDate "2023.10.10"]
[SourceVersion "1"]
[SourceVersionDate "2023.10.10"]
[SourceQuality "1"]
[WhiteTeam "Irakleiou Attikis"]
[BlackTeam "Khalandrii"]
[WhiteTeamCountry "GRE"]
[BlackTeamCountry "GRE"]

1. e4 e5 2. Nf3 Nc6 3. Bc4 Nf6 4. d3 Bc5 5. 0-0 0-0 6. Bb3 h6 7. Nbd2 d6 8. c3 Bb6 9. h3 Be6 10. Ba4 Ne7 11. Re1 Ng6 12. Nc4 c6 13. Nxb6 Qxb6 14. Nh2 Rfe8 15. Nf1 Qc7 16. d4 b5 17. Bc2 exd4 18. cxd4 Rad8 19. Ng3 c5 20. d5 Bc8 21. b3 Qa5 22. Bb2 Nh7 23. Nh5 f6 24. Qd3 Ne5 25. Qg3 g5 26. f4 Ng6 27. Nxf6+ Nxf6 28. Bxf6 Qd2 29. Bxd8 Nxf4 30. Bxg5 Qd4+ 31. Kh2 hxg5 32. Qxg5+ Qg7 33. Qxf4 Kh8 34. Qh4+ Kg8 35. Qg3 Kh8 36. Qxg7+ Kxg7 37. Rf1 Rg8 38. Rf3 Kh7 39. e5+ Kh8 40. e6 Bb7 41. Rf7 Rg7 42. Rf8+ Rg8 43. e7 b4 44. Rxg8+ Kxg8 45. e8Q+ Kg7 46. Rf1 Kh6 47. Qg6# 1-0